Quantitative analysis for management

Gespeichert in:
Bibliographische Detailangaben
1. Verfasser: Bonini, Charles P.
Format: Buch
Sprache:Undetermined
Veröffentlicht: Chicago Irwin 1997
Tags: Tag hinzufügen
Keine Tags, Fügen Sie den ersten Tag hinzu!
Thư viện lưu trữ: Trung tâm Học liệu Trường Đại học Cần Thơ
LEADER 00569nam a2200193Ia 4500
001 CTU_156193
008 210402s9999 xx 000 0 und d
020 |c 382000 
082 |a 658.4 
082 |b B715 
100 |a Bonini, Charles P. 
245 0 |a Quantitative analysis for management 
245 0 |c Charles P. Bonini, Warrren H. Hausman, Harold Bierman 
260 |a Chicago 
260 |b Irwin 
260 |c 1997 
526 |a Các mô hình định lượng trong kinh doanh 
526 |b KT918 
980 |a Trung tâm Học liệu Trường Đại học Cần Thơ